[Event "26th Open"]
[Site "Cappelle la Grande FRA"]
[Date "2010.02.15"]
[Round "4"]
[White "Vovk,Y"]
[Black "Hortensius,L"]
[Result "1-0"]
[WhiteElo "2546"]
[BlackElo "2022"]
[EventDate "2010.02.13"]

1. e4 e6 2. d4 d5 3. Nc3 Bb4 4. e5 b6 5. a3 Bf8 6. Nf3 Qd7 7. b4 c6 8. Rb1
Ba6 9. b5 Bb7 10. a4 c5 11. Be2 Qc7 12. Be3 Nd7 13. O-O cxd4 14. Bxd4 Ne7
15. a5 Ng6 16. a6 Bc8 17. Re1 Be7 18. Bf1 O-O 19. g3 Kh8 20. h4 Bc5 21. h5
Ne7 22. Bh3 Bxd4 23. Qxd4 Nc5 24. h6 Ng6 25. hxg7+ Kxg7 26. Kg2 Qe7 27. Bg4
h6 28. Rh1 Rh8 29. Rh5 Bd7 30. Nxd5 exd5 31. e6+ f6 32. exd7 Nxd7 33. Bxd7
Qxd7 34. Rxd5 Qc8 35. Rd7+ 1-0

[Event "26th Open"]
[Site "Cappelle la Grande FRA"]
[Date "2010.02.15"]
[Round "4"]
[White "Cornette,M"]
[Black "Hammer,J"]
[Result "1/2-1/2"]
[WhiteElo "2554"]
[BlackElo "2627"]
[EventDate "2010.02.13"]

1. e4 e5 2. Nf3 Nc6 3. Nc3 Nf6 4. Bb5 Bb4 5. O-O O-O 6. d3 d6 7. Bg5 Bxc3
8. bxc3 Qe7 9. Re1 Nd8 10. d4 Ne6 11. Bc1 Rd8 12. Bf1 c5 13. Nh4 Ne8 14. g3
exd4 15. Nf5 Qf6 16. cxd4 d5 17. e5 Qxf5 18. Bd3 Qh3 19. Bf1 Qf5 20. Bd3
Qh3 1/2-1/2

[Event "26th Open"]
[Site "Cappelle la Grande FRA"]
[Date "2010.02.15"]
[Round "4"]
[White "Drozdovskij,Y"]
[Black "Oleksienko,M"]
[Result "1/2-1/2"]
[WhiteElo "2624"]
[BlackElo "2546"]
[EventDate "2010.02.13"]

1. d4 Nf6 2. c4 e6 3. Nf3 b6 4. g3 Ba6 5. Qc2 Bb4+ 6. Bd2 Be7 7. e4 d5 8.
cxd5 Bxf1 9. Kxf1 exd5 10. e5 Ne4 11. Nc3 Nxd2+ 12. Nxd2 O-O 13. Kg2 c6 14.
f4 f5 15. Rac1 Qd7 16. Nf3 Qe6 17. Qd3 a5 18. Na4 Nd7 19. Rc2 Rfc8 20. Rhc1
g6 21. h3 b5 22. Nc5 Bxc5 23. dxc5 Nf8 24. Nd4 Qd7 1/2-1/2

[Event "26th Open"]
[Site "Cappelle la Grande FRA"]
[Date "2010.02.15"]
[Round "4"]
[White "Malakhatko,V"]
[Black "Rozentalis,E"]
[Result "1/2-1/2"]
[WhiteElo "2549"]
[BlackElo "2623"]
[EventDate "2010.02.13"]

1. d4 Nf6 2. c4 e6 3. Nf3 Bb4+ 4. Nbd2 c5 5. a3 Bxd2+ 6. Qxd2 cxd4 7. Qxd4
Nc6 8. Qd3 d5 9. cxd5 Qxd5 10. Qxd5 Nxd5 11. b4 f6 12. e4 Nb6 13. e5 Nxe5
14. Nxe5 fxe5 15. Bb2 Bd7 16. Bxe5 Kf7 17. h4 Rhc8 18. Rh3 Nc4 19. Bc3 e5
20. Rg3 g6 21. Be2 Bf5 22. h5 Rc7 23. Bd1 Rac8 24. hxg6+ hxg6 25. Bb3 Be6
26. Rf3+ Ke7 27. b5 Rh8 28. Rg3 Nd6 29. Bxe5 Rh1+ 30. Ke2 Rxa1 31. Bxa1 Nf5
32. Rd3 Rc1 33. Bxe6 Kxe6 34. Bc3 Rc2+ 35. Ke1 Nd6 36. a4 Ne4 37. Bd4 b6
38. Be3 Rc4 39. a5 Rb4 40. Bxb6 1/2-1/2

[Event "26th Open"]
[Site "Cappelle la Grande FRA"]
[Date "2010.02.15"]
[Round "4"]
[White "Amin,B"]
[Black "Vorobiov,E"]
[Result "1-0"]
[WhiteElo "2544"]
[BlackElo "2621"]
[EventDate "2010.02.13"]

1. e4 c5 2. Nf3 Nc6 3. d3 e6 4. g3 d5 5. Nbd2 Nf6 6. Bg2 g6 7. O-O Bg7 8.
Re1 O-O 9. c3 a5 10. Nb3 b6 11. e5 Nd7 12. Bf4 Ba6 13. h4 Rc8 14. Nc1 d4
15. c4 b5 16. b3 a4 17. h5 h6 18. hxg6 fxg6 19. Bh3 Qe8 20. cxb5 Bxb5 21.
bxa4 Ba6 22. Rb1 Qf7 23. Rb2 Rce8 24. Bg2 Nb4 25. Qe2 Nd5 26. Bd2 g5 27.
Qe4 N7b6 28. Nb3 Nxa4 29. Rc2 Nac3 30. Bxc3 Nxc3 31. Rxc3 Bb7 32. Rxc5 Bxe4
33. Rxe4 Rc8 34. Rxc8 Rxc8 35. Nfxd4 h5 36. a4 Rc3 37. Bf1 Qd7 38. Nd2 Qd5
39. N2f3 Bh6 40. g4 Ra3 41. gxh5 Ra1 42. a5 Qa2 43. Kg2 Kf7 44. Nh2 Qb1 45.
Ndf3 Ke7 46. Re1 Qa2 47. Rxa1 Qxa1 48. Ng4 Bg7 49. h6 Bh8 50. a6 Qxa6 51.
Nxg5 Qa1 52. Nf3 Qc1 53. Ne3 Kf7 54. Kg3 Kg6 55. Bh3 Qc6 56. Ng4 Qd5 57. d4
Kh5 58. Ne3 Qc6 59. h7 Kh6 60. Ng2 Kxh7 61. Bxe6 Bg7 62. Ne3 Bh6 63. d5 Qa4
64. Ng4 Bf4+ 65. Kg2 Qc4 66. Bf5+ Kg7 67. d6 Kf8 68. Nf6 Qb5 69. Nd4 Qa4
70. Ne6+ Kf7 71. d7 Qc6+ 72. Be4 1-0

[Event "26th Open"]
[Site "Cappelle la Grande FRA"]
[Date "2010.02.15"]
[Round "4"]
[White "Balogh,C"]
[Black "Jojua,D"]
[Result "1/2-1/2"]
[WhiteElo "2619"]
[BlackElo "2535"]
[EventDate "2010.02.13"]

1. e4 c5 2. Nf3 d6 3. d4 cxd4 4. Nxd4 Nf6 5. Nc3 Nc6 6. Bg5 e6 7. Qd2 Qb6
8. Nb3 Be7 9. Bxf6 Bxf6 10. Qxd6 Bd7 11. O-O-O O-O-O 12. Qg3 Nd4 13. Bd3
Nxb3+ 14. cxb3 Qc7 15. Bb5 Be5 16. Bxd7+ Rxd7 17. Rxd7 Kxd7 18. Rd1+ Ke7
19. Qd3 Rc8 20. Kb1 Bxc3 21. bxc3 Qxc3 22. Qd6+ Ke8 23. Qd7+ Kf8 24. Qd6+
Ke8 1/2-1/2

[Event "26th Open"]
[Site "Cappelle la Grande FRA"]
[Date "2010.02.15"]
[Round "4"]
[White "Abergel,T"]
[Black "Mamedov,Nid"]
[Result "1/2-1/2"]
[WhiteElo "2538"]
[BlackElo "2610"]
[EventDate "2010.02.13"]

1. e4 c5 2. Nf3 d6 3. d4 cxd4 4. Nxd4 Nf6 5. Nc3 Nc6 6. Bg5 e6 7. Qd2 Qb6
8. Bxf6 gxf6 9. Nb3 Bd7 10. O-O-O a6 11. f4 O-O-O 12. Be2 h5 13. Rhf1 Be7
14. Rf3 Rdg8 15. Bf1 Kb8 16. Kb1 h4 17. a3 Rh5 18. Qe2 Na5 19. Rh3 Rgh8 20.
g4 R5h7 21. Na2 Ba4 1/2-1/2

[Event "26th Open"]
[Site "Cappelle la Grande FRA"]
[Date "2010.02.15"]
[Round "4"]
[White "Hebden,M"]
[Black "Edouard,R"]
[Result "1/2-1/2"]
[WhiteElo "2532"]
[BlackElo "2608"]
[EventDate "2010.02.13"]

1. d4 d5 2. Nf3 Nf6 3. c4 dxc4 4. e3 e6 5. Bxc4 c5 6. O-O a6 7. dxc5 Qxd1
8. Rxd1 Bxc5 9. b3 O-O 10. Bb2 Nbd7 11. Nbd2 b6 12. Ng5 Bb7 13. Bd3 Rfd8
14. Nge4 Be7 15. Nxf6+ Bxf6 16. Bxf6 Nxf6 17. Nc4 b5 18. Na5 Be4 19. Bxe4
Nxe4 20. Nc6 Rxd1+ 21. Rxd1 Kf8 22. Rc1 Rc8 23. Kf1 Ke8 24. Rc2 f6 25. f3
Nd6 1/2-1/2

[Event "26th Open"]
[Site "Cappelle la Grande FRA"]
[Date "2010.02.15"]
[Round "4"]
[White "Rivas Pastor,M"]
[Black "Kryvoruchko,Y"]
[Result "1/2-1/2"]
[WhiteElo "2531"]
[BlackElo "2598"]
[EventDate "2010.02.13"]

1. d4 d5 2. c4 c6 3. cxd5 cxd5 4. Nc3 Nc6 5. Bf4 Nf6 6. e3 Bf5 7. Bd3 Bxd3
8. Qxd3 e6 9. Nf3 Bd6 10. Bxd6 Qxd6 11. O-O O-O 12. Rfc1 Rfc8 13. a3 Nd7
14. Rc2 Nb6 15. Rac1 a6 16. Nb1 Ne7 17. Rxc8+ Rxc8 18. Rxc8+ Nbxc8 19. Qc2
Qc6 20. Qxc6 Nxc6 21. Kf1 Nd6 22. Ke2 f6 23. Ne1 Kf7 1/2-1/2

[Event "26th Open"]
[Site "Cappelle la Grande FRA"]
[Date "2010.02.15"]
[Round "4"]
[White "Gozzoli,Y"]
[Black "Kovalyov,A"]
[Result "1/2-1/2"]
[WhiteElo "2515"]
[BlackElo "2601"]
[EventDate "2010.02.13"]

1. d4 Nf6 2. c4 e6 3. Nf3 b6 4. Nc3 Bb4 5. Bg5 h6 6. Bh4 g5 7. Bg3 Ne4 8.
Qc2 Bxc3+ 9. bxc3 Nxg3 10. hxg3 Bb7 11. e3 d6 12. Bd3 Nd7 13. Be4 Bxe4 14.
Qxe4 Nf6 15. Qc6+ Ke7 16. Nd2 Qd7 17. Qxd7+ Nxd7 18. a4 a5 19. Ke2 f5 20.
Rab1 Kf7 21. Nb3 Nf6 22. Nd2 Nd7 23. Nb3 c5 24. d5 e5 25. g4 fxg4 1/2-1/2

[Event "26th Open"]
[Site "Cappelle la Grande FRA"]
[Date "2010.02.15"]
[Round "4"]
[White "Geetha Narayanan Gopal"]
[Black "Grandelius,N"]
[Result "1-0"]
[WhiteElo "2575"]
[BlackElo "2515"]
[EventDate "2010.02.13"]

1. e4 c5 2. Nf3 d6 3. d4 cxd4 4. Nxd4 Nf6 5. Nc3 e6 6. g4 h6 7. g5 hxg5 8.
Bxg5 Nc6 9. Qd2 a6 10. O-O-O Qb6 11. Nb3 Bd7 12. Bg2 Qc7 13. f4 O-O-O 14.
Kb1 Be7 15. h4 Kb8 16. Bf3 Bc8 17. Qg2 Nh5 18. Bxh5 Rxh5 19. Bxe7 Qxe7 20.
Qxg7 Rdh8 21. Nd4 Nxd4 22. Qxd4 e5 23. Qd2 Rxh4 24. Rxh4 Rxh4 25. f5 b5 26.
a4 Bb7 27. axb5 axb5 28. Qf2 Rf4 29. Qb6 Qc7 30. Qxb5 Ka7 31. Qb4 Bc6 32.
Rxd6 Rf1+ 33. Ka2 Ka8 34. Qc5 Kb7 35. Nd5 1-0

[Event "26th Open"]
[Site "Cappelle la Grande FRA"]
[Date "2010.02.15"]
[Round "4"]
[White "Riff,JN"]
[Black "Kulaots,K"]
[Result "1/2-1/2"]
[WhiteElo "2515"]
[BlackElo "2575"]
[EventDate "2010.02.13"]

1. e4 c5 2. Nf3 d6 3. d4 cxd4 4. Nxd4 Nf6 5. Nc3 a6 6. Be3 e5 7. Nb3 Be7 8.
Be2 Be6 9. O-O O-O 10. a4 Nc6 11. Qd2 Rc8 12. Rfd1 Nb4 13. Bf3 Rc4 14. Nc1
Qc7 15. a5 Rc8 16. Nd3 Nc6 17. Bb6 Qb8 18. Ra4 Bd8 19. Rxc4 Bxc4 20. Na4
Bb5 21. Bxd8 Rxd8 22. Nb6 Nd4 23. Nb4 Qc7 24. c3 Nb3 25. Qg5 h6 26. Qh4 Bc6
27. Nxc6 bxc6 28. Nc4 Nxa5 1/2-1/2

[Event "26th Open"]
[Site "Cappelle la Grande FRA"]
[Date "2010.02.15"]
[Round "4"]
[White "Luther,T"]
[Black "Haub,TM"]
[Result "1/2-1/2"]
[WhiteElo "2577"]
[BlackElo "2513"]
[EventDate "2010.02.13"]

1. e4 g6 2. d4 Bg7 3. Nc3 d6 4. Nf3 a6 5. h3 e6 6. Bd3 Nd7 7. Ne2 Ne7 8.
O-O O-O 9. Re1 c5 10. c3 b5 11. a4 Rb8 12. axb5 axb5 13. Ng3 e5 14. Bf1 b4
15. dxe5 bxc3 16. bxc3 Nxe5 17. Nxe5 Bxe5 18. Ra3 Bb7 19. Bh6 Re8 20. Bc4
Qd7 21. Rb3 Nc6 22. f4 1/2-1/2

[Event "26th Open"]
[Site "Cappelle la Grande FRA"]
[Date "2010.02.15"]
[Round "4"]
[White "Housieaux,D"]
[Black "Radulski,J"]
[Result "1/2-1/2"]
[WhiteElo "2423"]
[BlackElo "2577"]
[EventDate "2010.02.13"]

1. Nf3 d5 2. c4 e6 3. g3 Nf6 4. Bg2 Be7 5. O-O O-O 6. d4 dxc4 7. Qc2 a6 8.
Qxc4 b5 9. Qc2 Bb7 10. Bd2 Be4 11. Qc1 Nbd7 12. Ba5 Rc8 13. Nbd2 Ba8 14. a3
Qe8 15. b4 Bd6 16. Qc2 e5 17. dxe5 Nxe5 18. Nxe5 Bxg2 19. Kxg2 Qxe5 20. Nf3
Qe4 21. Qxe4 Nxe4 22. Rfd1 Rfe8 23. Rd3 c5 24. bxc5 Bxc5 25. e3 Bf8 26. Nd2
Nc5 27. Rd5 Na4 28. Nf3 Rc2 29. Nd4 Rc4 30. Nf3 Rec8 31. Rad1 Nc3 32. Bxc3
Rxc3 33. a4 b4 34. Rd8 b3 35. Rxc8 Rxc8 36. Rb1 Rb8 37. Nd4 b2 38. Kf3 h5
39. Ke4 Ba3 40. Kd3 g5 41. Nc2 Bf8 42. Kc3 Bg7+ 43. Nd4 Rc8+ 44. Kd3 Rb8
45. Kc3 Rc8+ 46. Kd3 1/2-1/2

[Event "26th Open"]
[Site "Cappelle la Grande FRA"]
[Date "2010.02.15"]
[Round "4"]
[White "Gajewski,G"]
[Black "Vovk,A"]
[Result "1-0"]
[WhiteElo "2568"]
[BlackElo "2508"]
[EventDate "2010.02.13"]

1. d4 Nf6 2. c4 g6 3. Nc3 Bg7 4. e4 d6 5. Nf3 O-O 6. Be2 e5 7. O-O Na6 8.
Be3 c6 9. d5 Ng4 10. Bg5 f6 11. Bh4 c5 12. Ne1 h5 13. a3 Nh6 14. f3 Nf7 15.
Nd3 Bh6 16. Bf2 Bd7 17. b4 b6 18. bxc5 Nxc5 19. a4 Nb7 20. a5 Nxa5 21. Rxa5
bxa5 22. c5 dxc5 23. Nxc5 Nd6 24. Ne6 Bxe6 25. dxe6 Re8 26. Qd5 Qc7 27. Na4
Rab8 28. Bc5 Nb7 29. e7+ Kh7 30. Qf7+ Bg7 31. Bb5 Rxe7 32. Qxe7 1-0

[Event "26th Open"]
[Site "Cappelle la Grande FRA"]
[Date "2010.02.15"]
[Round "4"]
[White "Bindrich,F"]
[Black "Zakhartsov,Vi"]
[Result "1/2-1/2"]
[WhiteElo "2512"]
[BlackElo "2562"]
[EventDate "2010.02.13"]

1. d4 Nf6 2. c4 e6 3. g3 d5 4. Nf3 Bb4+ 5. Bd2 Be7 6. Bg2 c6 7. O-O O-O 8.
Qc2 Nbd7 9. Bf4 Nh5 10. Bd2 Nhf6 11. Bf4 Nh5 12. Bd2 Nhf6 1/2-1/2

[Event "26th Open"]
[Site "Cappelle la Grande FRA"]
[Date "2010.02.15"]
[Round "4"]
[White "Lemos,D"]
[Black "Bogner,S"]
[Result "1/2-1/2"]
[WhiteElo "2556"]
[BlackElo "2494"]
[EventDate "2010.02.13"]

1. d4 d5 2. c4 c6 3. Nf3 Nf6 4. e3 Bf5 5. Nc3 e6 6. Nh4 Bg6 7. Be2 Nbd7 8.
O-O Ne4 9. Nxg6 hxg6 10. Nxe4 dxe4 11. d5 exd5 12. cxd5 Bd6 13. h3 c5 14.
Bb5 a6 15. Ba4 Qe7 16. Bxd7+ Qxd7 17. f4 Be7 18. b3 Rh5 19. Qc2 Qxd5 20.
Bb2 Qe6 21. Rad1 f6 22. Rd2 Rc8 23. Rfd1 Rd8 24. Rxd8+ Bxd8 25. b4 Be7 26.
bxc5 Rxc5 27. Qb1 Qc4 28. Bd4 Rb5 29. Qxe4 f5 30. Qd3 Qxd3 31. Rxd3 Ra5 32.
Rd2 Bf6 33. Bxf6 gxf6 34. g4 Ra3 35. gxf5 gxf5 36. Kf2 b5 37. Kf3 b4 38. h4
Kf7 39. Rg2 Rc3 40. h5 Rc1 41. h6 Rf1+ 42. Ke2 Rh1 43. Rg7+ Kf8 44. Ra7
Rh2+ 45. Kd3 Rxh6 46. Rxa6 Kf7 47. Ra4 Rh2 48. Kc4 Rb2 1/2-1/2

[Event "26th Open"]
[Site "Cappelle la Grande FRA"]
[Date "2010.02.16"]
[Round "5"]
[White "Gurevich,M"]
[Black "Vovk,Y"]
[Result "1-0"]
[WhiteElo "2597"]
[BlackElo "2546"]
[EventDate "2010.02.13"]

1. d4 Nf6 2. c4 g6 3. Nc3 Bg7 4. e4 d6 5. Nf3 O-O 6. Be2 e5 7. O-O Nc6 8.
d5 Ne7 9. Nd2 a5 10. a3 Bd7 11. b3 c6 12. Ra2 Qb8 13. Rc2 Rc8 14. Ndb1 cxd5
15. cxd5 b5 16. b4 a4 17. Be3 Rc7 18. Rc1 Qe8 19. Qd3 Rb7 20. f4 exf4 21.
Bxf4 Ra6 22. Qg3 Nh5 23. Bxh5 gxh5 24. Bh6 Ng6 25. Bxg7 Kxg7 26. Nd2 Rc7
27. Nf3 Rc4 28. Qf2 Qe7 29. Nd4 Ra8 30. Ncxb5 Rxc1 31. Rxc1 Qxe4 32. Nxd6
Qxd5 33. N6f5+ Bxf5 34. Nxf5+ Kg8 35. Qf3 Qd8 36. Qc3 Qf8 37. Qf6 1-0

[Event "26th Open"]
[Site "Cappelle la Grande FRA"]
[Date "2010.02.16"]
[Round "5"]
[White "Dziuba,M"]
[Black "Shchekachev,A"]
[Result "1/2-1/2"]
[WhiteElo "2587"]
[BlackElo "2546"]
[EventDate "2010.02.13"]

1. d4 Nf6 2. c4 g6 3. Nc3 Bg7 4. e4 d6 5. Nf3 O-O 6. Be2 e5 7. O-O Nc6 8.
d5 Ne7 9. Ne1 Nd7 10. f3 f5 11. g4 Nf6 12. Nd3 c6 13. Be3 Kh8 14. a4 a5 15.
Kh1 f4 16. Bf2 c5 17. Nb5 b6 18. Rg1 g5 19. Kg2 h5 20. gxh5 Nxh5 21. Kf1
Bf6 22. Ke1 Ng6 23. Kd2 Rf7 24. Kc2 Rh7 25. Be1 Rb8 26. Nf2 Rbb7 27. Bc3
Bg7 28. Qd3 Bf8 29. Rg2 Nh4 30. Rgg1 Rbg7 31. Ng4 Ng6 32. Rg2 Nf6 33. Nf2
Nh4 34. Rgg1 Kg8 35. Kb3 Rh5 36. Rae1 Qe7 37. Qd1 Kf7 38. Ka2 Ng6 39. Rg2
Nh4 40. Rgg1 Rgh7 41. Bf1 Ng6 42. h3 Rh8 1/2-1/2

[Event "26th Open"]
[Site "Cappelle la Grande FRA"]
[Date "2010.02.16"]
[Round "5"]
[White "Amin,B"]
[Black "Geetha Narayanan Gopal"]
[Result "1/2-1/2"]
[WhiteElo "2544"]
[BlackElo "2575"]
[EventDate "2010.02.13"]

1. e4 c5 2. Nf3 d6 3. c3 Nf6 4. Be2 g6 5. O-O Bg7 6. Re1 O-O 7. Bf1 Bg4 8.
h3 Bxf3 9. Qxf3 Nc6 10. Na3 Nd7 11. Qd1 Rb8 12. Nc2 e5 13. a4 a6 14. Na3
Nf6 15. Qf3 Na5 16. d3 Nb3 17. Rb1 Nxc1 18. Rbxc1 b5 19. axb5 axb5 20. d4
exd4 21. Nxb5 Nd7 22. cxd4 cxd4 23. Qa3 Nc5 24. b4 Ne6 25. Rc6 Be5 26. g3
Rb6 27. Rxb6 Qxb6 28. Qa7 Qc6 29. f4 Bg7 30. Qa2 Ra8 31. Qd5 Nd8 32. Nxd6
Bf8 33. Qxc6 Nxc6 34. b5 Bxd6 35. bxc6 Ra3 36. e5 Bc7 37. Rb1 Rxg3+ 38. Bg2
Rc3 39. Rb7 d3 40. Rxc7 d2 41. Bf3 Rxf3 42. Rd7 Rc3 1/2-1/2

[Event "26th Open"]
[Site "Cappelle la Grande FRA"]
[Date "2010.02.16"]
[Round "5"]
[White "Kharitonov,Alexandr"]
[Black "Gajewski,G"]
[Result "1/2-1/2"]
[WhiteElo "2538"]
[BlackElo "2568"]
[EventDate "2010.02.13"]

1. d4 Nf6 2. c4 e6 3. Nc3 Bb4 4. e3 O-O 5. Bd3 b6 6. Nge2 d5 7. cxd5 exd5
8. O-O Bb7 9. a3 Bd6 10. Ng3 Re8 11. b4 a6 12. b5 axb5 13. Nxb5 Bf8 14. a4
c6 15. Nc3 Na6 16. Ba3 c5 17. Bb5 Re6 18. Nce2 Ne4 19. Nxe4 dxe4 20. dxc5
Nxc5 21. Qxd8 1/2-1/2

[Event "26th Open"]
[Site "Cappelle la Grande FRA"]
[Date "2010.02.16"]
[Round "5"]
[White "Fedorchuk,S"]
[Black "Bindrich,F"]
[Result "1-0"]
[WhiteElo "2641"]
[BlackElo "2512"]
[EventDate "2010.02.13"]

1. e4 e5 2. Nf3 Nc6 3. Bb5 Nf6 4. d3 Bc5 5. c3 O-O 6. Bg5 h6 7. Bh4 Be7 8.
Nbd2 d6 9. Bg3 Nh5 10. O-O Nxg3 11. hxg3 Bf6 12. Re1 Ne7 13. d4 c6 14. Bd3
Bg4 15. Qc2 Qc7 16. a4 a5 17. Bc4 h5 18. Ba2 Rad8 19. Rad1 Ng6 20. Nc4 h4
21. Ne3 Qc8 22. Nxg4 Qxg4 23. Nh2 Qh5 24. gxh4 Nxh4 25. Qe2 Qxe2 26. Rxe2
exd4 27. cxd4 c5 28. g3 Ng6 29. dxc5 dxc5 30. Rd5 Rxd5 31. Bxd5 Ne7 32. Bc4
Nc6 33. Ng4 Bd4 34. Kg2 Ne5 35. f4 Re8 1-0

[Event "26th Open"]
[Site "Cappelle la Grande FRA"]
[Date "2010.02.16"]
[Round "5"]
[White "Hammer,J"]
[Black "Le Roux,JP"]
[Result "1/2-1/2"]
[WhiteElo "2627"]
[BlackElo "2497"]
[EventDate "2010.02.13"]

1. e4 e5 2. Nf3 Nf6 3. d4 Nxe4 4. Bd3 d5 5. Nxe5 Nd7 6. O-O Nxe5 7. dxe5
Nc5 8. b4 Nxd3 9. Qxd3 Qh4 10. f4 c6 11. Ba3 a5 12. b5 Bxa3 13. Nxa3 O-O
14. c4 Be6 15. c5 d4 16. bxc6 bxc6 17. Nc4 Bxc4 18. Qxc4 Rab8 19. Qxd4 Rfd8
20. Qc3 h5 21. Rae1 Rd5 22. e6 Qe7 23. Kh1 fxe6 24. Qxa5 Qxc5 25. Qa4 Rd2
26. Qe4 Qd5 27. Qxe6+ Qxe6 28. Rxe6 Rbb2 29. Rg1 Rdc2 30. a4 Ra2 31. Re8+
Kf7 32. Ra8 h4 33. h3 Rc4 34. f5 Rcxa4 1/2-1/2

[Event "26th Open"]
[Site "Cappelle la Grande FRA"]
[Date "2010.02.16"]
[Round "5"]
[White "Haub,TM"]
[Black "Drozdovskij,Y"]
[Result "0-1"]
[WhiteElo "2513"]
[BlackElo "2624"]
[EventDate "2010.02.13"]

1. g3 e5 2. Bg2 d5 3. d3 g6 4. Nc3 d4 5. Nb1 Bg7 6. e4 c5 7. a4 Nc6 8. Na3
Nge7 9. f4 f5 10. Nc4 exf4 11. Bxf4 O-O 12. Ne2 fxe4 13. Bxe4 Nd5 14. O-O
Bh3 15. Rf2 g5 16. Bd6 Ne3 17. Rxf8+ Bxf8 18. Nxe3 dxe3 19. Bf4 gxf4 20.
Nxf4 Qd7 21. Qh5 Bg4 22. Qh4 Ne5 23. Nd5 Kh8 24. Nxe3 Qg7 25. Nxg4 Nxg4 26.
Rf1 Be7 27. Qxh7+ Qxh7 28. Bxh7 Bf6 29. Be4 Bd4+ 30. Kh1 Nf2+ 31. Kg2 Nxe4
32. dxe4 Bxb2 33. Rb1 Bd4 34. Rxb7 Rf8 35. c3 Bxc3 36. Rxa7 Rc8 37. Kf3 c4
38. Ke2 Bd4 39. Rf7 c3 0-1

[Event "26th Open"]
[Site "Cappelle la Grande FRA"]
[Date "2010.02.16"]
[Round "5"]
[White "Rozentalis,E"]
[Black "Lalic,B"]
[Result "1/2-1/2"]
[WhiteElo "2623"]
[BlackElo "2494"]
[EventDate "2010.02.13"]

1. e4 e5 2. Nf3 Nc6 3. Bb5 Nf6 4. d3 Bc5 5. O-O Nd4 6. Nxd4 Bxd4 7. Nd2 a6
8. Ba4 b5 9. Bb3 d6 10. c3 Bb6 11. h3 O-O 12. a4 Rb8 13. Nf3 h6 14. axb5
axb5 15. Re1 Re8 16. Bc2 Bb7 17. Nh2 d5 18. Qf3 c5 19. Nf1 c4 20. Ng3 cxd3
21. Bxd3 dxe4 22. Nxe4 Re6 23. Qe2 Nxe4 24. Bxe4 Rf6 25. Be3 Bxe4 26. Bxb6
Qxb6 27. Qxe4 Rxf2 28. Kh1 Rxb2 29. Qxe5 Rc8 30. Rab1 Rxb1 31. Rxb1 Qc5 32.
Rxb5 Qxe5 33. Rxe5 Rxc3 34. Kg1 Rc2 35. Kh2 g6 36. Kg3 Kg7 37. Kf3 h5 38.
h4 Rc4 39. g3 Rg4 40. Ra5 f5 1/2-1/2

[Event "26th Open"]
[Site "Cappelle la Grande FRA"]
[Date "2010.02.16"]
[Round "5"]
[White "Szabo,Krisz1"]
[Black "Sumets,A"]
[Result "1/2-1/2"]
[WhiteElo "2500"]
[BlackElo "2621"]
[EventDate "2010.02.13"]

1. e4 c6 2. d4 d5 3. exd5 cxd5 4. c4 Nf6 5. Nc3 e6 6. Nf3 Bb4 7. Bd3 dxc4
8. Bxc4 O-O 9. O-O Nbd7 10. Qe2 Qc7 11. Bg5 Bxc3 12. bxc3 b6 13. Rac1 Bb7
14. Bd3 Ng4 15. Be4 Bxe4 16. Qxe4 Ngf6 17. Qe2 Rfe8 18. Rfe1 Rac8 19. c4 h6
20. Bh4 Qd6 1/2-1/2

[Event "26th Open"]
[Site "Cappelle la Grande FRA"]
[Date "2010.02.16"]
[Round "5"]
[White "Vera Gonzalez Quevedo,R"]
[Black "Balogh,C"]
[Result "1/2-1/2"]
[WhiteElo "2499"]
[BlackElo "2619"]
[EventDate "2010.02.13"]

1. d4 d5 2. c4 c6 3. Nc3 dxc4 4. e4 b5 5. a4 b4 6. Na2 Nf6 7. e5 Nd5 8.
Bxc4 e6 9. Nf3 a5 10. Bg5 Qb6 11. Nc1 Ba6 12. Qc2 h6 13. Bd2 Bxc4 14. Qxc4
Nd7 15. Nb3 Be7 16. O-O O-O 17. Rfc1 Rfc8 18. Ne1 c5 19. Nd3 Qb8 20. dxc5
Nxe5 21. Nxe5 Qxe5 22. Rc2 Rc6 23. Rac1 Bf6 24. Qg4 h5 25. Qf3 g6 26. Be3
Qf5 27. Qxf5 gxf5 28. Rd1 Rac8 29. Kf1 Be5 30. h3 Kg7 31. Ke2 f4 1/2-1/2

[Event "26th Open"]
[Site "Cappelle la Grande FRA"]
[Date "2010.02.16"]
[Round "5"]
[White "Mamedov,Nid"]
[Black "Housieaux,D"]
[Result "1-0"]
[WhiteElo "2610"]
[BlackElo "2423"]
[EventDate "2010.02.13"]

1. e4 e6 2. d4 d5 3. Nd2 Nf6 4. e5 Nfd7 5. Bd3 c5 6. c3 Nc6 7. Ngf3 Qb6 8.
O-O cxd4 9. cxd4 Nxd4 10. Nxd4 Qxd4 11. Nf3 Qb6 12. Rb1 Nc5 13. Bc2 Be7 14.
Be3 Qd8 15. Qd4 O-O 16. Rfd1 Bd7 17. Qg4 g6 18. Bh6 f5 19. exf6 Rxf6 20.
Ne5 Be8 21. Qd4 Nd7 22. Ng4 Rf7 23. Bd2 Bf6 24. Nh6+ Kg7 25. Nxf7 Bxf7 26.
Qe3 Rc8 27. Bb3 Rc5 28. Bb4 Rb5 29. Bc3 Nc5 30. Bc4 Rb6 31. Qxc5 Rc6 32.
Qb4 a5 33. Qa4 1-0

[Event "26th Open"]
[Site "Cappelle la Grande FRA"]
[Date "2010.02.16"]
[Round "5"]
[White "Bogner,S"]
[Black "Gharamian,T"]
[Result "1/2-1/2"]
[WhiteElo "2494"]
[BlackElo "2609"]
[EventDate "2010.02.13"]

1. d4 Nf6 2. c4 g6 3. Nf3 Bg7 4. g3 c5 5. d5 O-O 6. Nc3 d6 7. Bg2 e6 8. O-O
exd5 9. cxd5 Re8 10. Nd2 a6 11. a4 Nbd7 12. h3 Rb8 13. Nc4 Nb6 14. Na3 Bd7
15. e4 Qc7 16. Re1 Nxa4 17. Nxa4 b5 18. Nxc5 Qxc5 19. Be3 Qc7 20. Bd4 a5
1/2-1/2

[Event "26th Open"]
[Site "Cappelle la Grande FRA"]
[Date "2010.02.16"]
[Round "5"]
[White "Edouard,R"]
[Black "Lagarde,Max"]
[Result "1-0"]
[WhiteElo "2608"]
[BlackElo "2423"]
[EventDate "2010.02.13"]

1. Nf3 Nf6 2. c4 g6 3. Nc3 Bg7 4. e4 d6 5. d4 O-O 6. h3 Na6 7. g3 e5 8. Bg2
exd4 9. Nxd4 Re8 10. O-O Nc5 11. Re1 a5 12. Nb3 Ne6 13. Be3 a4 14. Nd4 Nxd4
15. Bxd4 Be6 16. Qd3 c6 17. Rad1 Qa5 18. Qf3 Nd7 19. Bxg7 Kxg7 20. Qe3 Qc5
21. Qxc5 dxc5 22. Nd5 Ne5 23. Nc7 Nxc4 24. Nxe8+ Rxe8 25. Re2 a3 26. bxa3
Ra8 27. Rb1 b5 28. e5 Nxa3 29. Rc1 c4 30. Bxc6 Rc8 31. Bf3 c3 32. Bg4 Rc4
33. Bxe6 fxe6 34. f3 c2 35. Re4 Rc3 36. Kf2 Rd3 37. Ke2 Rd5 38. f4 Kf7 39.
Rb4 g5 40. Rb3 b4 41. Rxb4 Nb5 42. Ke3 Nc3 43. Rxc2 Rc5 44. Kd4 1-0

[Event "26th Open"]
[Site "Cappelle la Grande FRA"]
[Date "2010.02.16"]
[Round "5"]
[White "Kryvoruchko,Y"]
[Black "Battaglini,G"]
[Result "1-0"]
[WhiteElo "2598"]
[BlackElo "2411"]
[EventDate "2010.02.13"]

1. e4 c6 2. d4 d5 3. e5 c5 4. dxc5 e6 5. a3 a5 6. Be3 Nh6 7. Nf3 Nf5 8. Bf4
Bxc5 9. Bd3 Qb6 10. O-O Qxb2 11. Nbd2 Qc3 12. Nb3 Bb6 13. Bxf5 exf5 14.
Qxd5 O-O 15. Nbd4 Nc6 16. Nb5 Qxc2 17. Nd6 Be6 18. Qb5 Qc5 19. Qb2 Nd4 20.
Be3 Nxf3+ 21. gxf3 Qd5 22. Bxb6 Qxf3 23. Rfc1 Bd5 24. Kf1 Qg2+ 25. Ke2 Qxh2
26. Qd4 Qh5+ 27. Kd2 Qh6+ 28. f4 Be4 29. Rf1 Ra6 30. Nxe4 fxe4 31. Rab1 Rc8
32. Rbc1 Rf8 33. Bc5 Rc8 34. Qxe4 Rac6 35. Rh1 Qg6 36. Qxg6 Rxg6 37. Bd6
Rxc1 38. Rxc1 h5 39. Ke3 b5 40. f5 Rg3+ 41. Ke4 1-0

[Event "26th Open"]
[Site "Cappelle la Grande FRA"]
[Date "2010.02.16"]
[Round "5"]
[White "Kovalyov,A"]
[Black "Kanarek,M"]
[Result "1-0"]
[WhiteElo "2601"]
[BlackElo "2393"]
[EventDate "2010.02.13"]

1. Nf3 Nf6 2. c4 g6 3. d4 Bg7 4. Nc3 d6 5. e4 O-O 6. Be2 e5 7. Be3 exd4 8.
Nxd4 Re8 9. f3 c6 10. Bf2 d5 11. exd5 cxd5 12. O-O Nc6 13. c5 Nh5 14. Qd2
Be5 15. g3 Ng7 16. Rfd1 Be6 17. Ncb5 a6 18. f4 Bf6 19. Nxe6 fxe6 20. Nd6
Re7 21. Rac1 Ne8 22. Nxe8 Rxe8 23. b4 g5 24. Bh5 Rf8 25. Bg4 Re8 26. Bh5
Rf8 27. Re1 gxf4 28. gxf4 Qd7 29. Kh1 Kh8 30. Rcd1 Bg7 31. Bg4 Rae8 32. a3
Qf7 33. Bg3 Nd4 34. Qd3 h5 35. Bh3 Nf5 36. Re2 Nd4 37. Rg2 Nf5 38. Bf2 Bh6
39. Qf3 Rg8 40. Rxg8+ Rxg8 41. a4 Kh7 42. b5 axb5 43. axb5 Ra8 44. Qd3 Bxf4
45. Bxf5+ exf5 46. Qd4 Bg5 47. Qxd5 Rf8 48. Bg3 Qxd5+ 49. Rxd5 f4 50. Rxg5
fxg3 51. hxg3 Kh6 52. Rd5 Rf2 53. Kg1 Rb2 54. b6 Rc2 55. Kf1 Kg6 56. Ke1
Kh6 57. Kd1 Rc3 58. Kd2 Rxg3 59. Rd6+ Kg5 60. Rd7 Kf6 61. Rxb7 Ke6 62. c6
Rg8 63. c7 Kd7 64. Rb8 Rc8 65. Ke2 1-0